| 000 | 00430nam a2200169 a 4500 | ||
|---|---|---|---|
| 001 | 12898 | ||
| 005 | 20180713201221.0 | ||
| 008 | 140415s1992 000 0 spa d | ||
| 020 | _a0553090933 | ||
| 041 | _aspa | ||
| 082 |
_a005.3 _bLUT |
||
| 100 | 1 | _aLUTHER, ARCH C. | |
| 245 | 1 | 0 | _aDESIGNING INTERACTIVE MULTIMEDIA |
| 260 |
_a[s.l.] : _bBANTAM BOOKS, _c1992 |
||
| 300 | _a318 | ||
| 650 | 1 | 4 |
_aSOFTWARE _xEQUIPO |
| 999 |
_c12898 _d12898 |
||